| 000 | 00970nam a2200145 4500 | ||
|---|---|---|---|
| 008 | 190716b2022 xxk||||| |||| 00| 0 eng d | ||
| 110 |
_96306 _aVita Group |
||
| 245 | _aFuture Living Report | ||
| 260 |
_bVita Group _c2022 |
||
| 520 | _aUrban living specialist, Vita Group has published its inaugural Future Living Report, the largest study of its kind reviewing the latest living trends as Britain responds to the cost-of-living crisis, and emerges from the pandemic with a new normal which includes hybrid working, pets and second income streams. The in-depth report which harnesses insights from over 8,000 people in the UK, as well as drawing on trends observed within its buildings with over 10,000 people living across its platform of brands. | ||
| 651 | _aUNITED KINGDOM | ||
| 690 |
_96307 _aBuilt Environment |
||
| 690 |
_96266 _aResidential property |
||
| 856 |
_uhttps://vitagroup.com/vita-lab/future-living-report/ _zAvailable from the Vita Group website |
||
| 999 |
_c121249 _d121249 |
||